000 01743cam a22004814i 4500
003 PE-LiUPU
005 20250731173108.0
008 181211s2018 miu r 001 0 eng d
020 _a9781540960290
020 _a1540960293
035 _a(Sirsi) a251006
040 _aPE-LiUPU
_bspa
_cPE-LiUPU
_erda
049 _aPRUA
082 0 4 _a261.835815
_bH51
_223
100 1 _aHitchcock, Christina S.,
_d1972-,
_eautor.
245 1 4 _aThe significance of singleness :
_ba theological vision for the future of the church /
_cChristina S. Hitchcock.
264 1 _aGrand Rapids, Michigan :
_bBaker Publishing Group,
_c2018.
300 _axxviii, 148 páginas ;
_c22 centímetros
336 _atext
_2rdacontent
337 _aunmediated
_2rdamedia
338 _avolume
_2rdacarrier
504 _aÍndice : páginas 147-148.
505 0 _aWhy singleness? -- Macrina: singleness and community -- Perpetua: singleness and identity -- Lottie Moon: singleness and authority -- How singleness can shape us into better theologians.
526 _aSEG42
526 _aSEG41
526 _aSEG40
526 _aSEG39
526 _aP94
526 _aP87
526 _aP86
526 _aP85
526 _aP77
526 _aP76
526 _aP35
650 0 4 _aSolteros
_xVida religiosa.
650 0 4 _aMujeres en el cristianismo.
910 _adbm
_bncf
_cncf
_d20181211
942 _2ddc
_cBOOK
994 _aC0
_bPEPRU
596 _a1
999 _a261.835815 H51
_wDEWEY
_c30460
_i79513
_f2021-11-10
_g4
_lCCODEBUL1
_mBUL
_p13.00
_r0
_sY
_tBOOK
_u2018-12-11
_xTEOLOGIA
_PP85
_0DONACION
_1FCOMPR2
_o.STAFF. Colección Teología
_d30460
980 _81
_gALBERTO SANCHEZ Responsable de Automatización